Usmle step 1 Physiology (Record no. 12809)
[ view plain ]
| 000 -LEADER | |
|---|---|
| fixed length control field | 00424nam a22001577a 4500 |
| 082 ## - DEWEY DECIMAL CLASSIFICATION NUMBER | |
| Classification number | 612 |
| Author Mark | KAP |
| 100 ## - MAIN ENTRY--PERSONAL NAME | |
| Author Name | Kaplan Medical |
| 245 ## - TITLE STATEMENT | |
| Title | Usmle step 1 Physiology |
| 250 ## - EDITION STATEMENT | |
| Edition statement | 1st |
| 260 ## - PUBLICATION, DISTRIBUTION, ETC. | |
| Place of publication, distribution, etc. | USA |
| Name of publisher, distributor, etc. | Kaplan Medical,Inc. |
| Date of publication, distribution, etc. | 2010 |
| 300 ## - PHYSICAL DESCRIPTION | |
| No of Pages | 410 p |
| illustrations | Diagrams |
| Dimensions | 28cm |
| 440 ## - SERIES STATEMENT/ADDED ENTRY--TITLE | |
| Title | Kaplan Midical |
| 504 ## - BIBLIOGRAPHY, ETC. NOTE | |
| Bibliography, Index, etc. note | Include Index |
| 650 ## - SUBJECT ADDED ENTRY--TOPICAL TERM | |
| Subject | Book Bank |
| Keywords | Fluid Distribution |
| -- | Skeletal |
| -- | Cardiac |
| -- | Regulation |
| -- | IMDC |
| 942 ## - ADDED ENTRY ELEMENTS (KOHA) | |
| Source of classification or shelving scheme | |
| Koha item type | Books |
| 952 ## - LOCATION AND ITEM INFORMATION (KOHA) | |
| -- | 2023-02-15 |
| Item status | Home library | Current library | Shelving location | Date acquired | Source of acquisition | Total Checkouts | Full call number | Barcode | Date last seen | Koha item type |
|---|---|---|---|---|---|---|---|---|---|---|
| Islamabad Medical and Dental College | Islamabad Medical and Dental College | Islamabad Medical and Dental College | 15/02/2023 | Donated | 612 KAP | G-550 | 15/02/2023 | Books |
